Normal view
MARC view
Entry Corporate Name
001 - CONTROL NUMBER
- control field: 1238136
003 - CONTROL NUMBER IDENTIFIER
- control field:
005 - DATE AND TIME OF LATEST TRANSACTION
- control field: 20210629110828.0
008 - FIXED-LENGTH DATA ELEMENTS
- fixed length control field: 210629|| aca||aabn | a|a d
040 ## - CATALOGING SOURCE
- Original cataloging agency:
- Transcribing agency:
110 ## - HEADING--CORPORATE NAME
- Corporate name or jurisdiction name as entry element: United Kingdom.
- Subordinate unit: Parliament.
- Subordinate unit: House of Lords
670 ## - SOURCE DATA FOUND
- Source citation: Work cat.: ()1313481: United Kingdom. Parliament. House of Lords., Parliamentary debates. House of Lords official report., 2002.
